000 00442nab a2200145Ia 4500
003 ES-SlBCS
005 20210601123959.0
008 140529s1992 xxu||||| |||| 00| 0 eng d
041 _aeng
100 1 _aMontague, Phillip
_9132856
245 0 0 _aVitue Ethics: A Qualified Success Story
_c Phillip Montague
650 0 4 _aVirtud
_9124692
773 0 _tAmerican Philosophical Quarterly
_gvol. 29, nº. 1, 1992, págs. 53-61
_wRev1386
942 _cAR
999 _c507252
_d507252